logo

Bir Sreshtho Munshi Abdur Rouf Library
Jhenaidah Cadet College

How to build modern furniture. (Record no. 8494)

MARC details
000 -LEADER
fixed length control field 00619cam a22002411 4500
001 - CONTROL NUMBER
JCCL Control Number 8494
003 - CONTROL NUMBER IDENTIFIER
JCCL marc code BD-JhCC
005 - DATE AND TIME OF LATEST TRANSACTION
control field 20180226094315.0
008 - FIXED-LENGTH DATA ELEMENTS--GENERAL INFORMATION
fixed length control field 730109s1957 nyua 000 0 eng
035 ## - SYSTEM CONTROL NUMBER
system control number (BD-JhCC)8494
040 ## - CATALOGING SOURCE
Original cataloging agency DLC
Transcribing agency DLC
Modifying agency DLC
041 ## - LANGUAGE CODE
Language code of Book eng
050 00 - LIBRARY OF CONGRESS CALL NUMBER
Classification number TS880
Item number .D312
082 00 - DEWEY DECIMAL CLASSIFICATION NUMBER
Classification number 684.1*
Author mark and Year FAB 1961
100 2# - MAIN ENTRY--PERSONAL NAME
Personal name Dal Fabbro, Mario,
Dates associated with a name 1913-
245 10 - TITLE STATEMENT
Title How to build modern furniture.
250 ## - EDITION STATEMENT
Edition statement 2d ed.
260 ## - PUBLICATION, DISTRIBUTION, ETC. (IMPRINT)
Place of publication, distribution, etc New York,
Name of publisher, distributor, etc F. W. Dodge Corp.
Date of publication, distribution, etc [1957]
300 ## - PHYSICAL DESCRIPTION
Pagination 214 p.
Other physical details illus.
Dimensions 26 cm.
650 #0 - SUBJECT ADDED ENTRY--TOPICAL TERM
Topical term or geographic name as entry element Furniture making
General subdivision Amateurs' manuals.
942 ## - ADDED ENTRY ELEMENTS (KOHA)
Source of classification or shelving scheme Dewey Decimal Classification
Koha item type Books
Holdings
Source of classification or shelving scheme Damaged status Not for loan Home library Current library Shelving location Date of accession Total Checkouts Full call number Barcode Date last seen Copy number Koha item type
Dewey Decimal Classification     JCC Rouf Library JCC Rouf Library General Stacks 02/26/2018   684.1* FAB 1961 11227 02/26/2018 C-1 Books

JCC Library | Contacts | JCC Home

Last Update on 23 September 2017
Copyright @ 2017-2020 JCC Rouf Library
Rouf Library, Jhenidah Cadet College (JCC), Bangladesh